| 000 | 00796nam a22002297a 4500 | ||
|---|---|---|---|
| 003 | 0 | ||
| 005 | 20250926165134.0 | ||
| 008 | 250926b xxu||||| |||| 00| 0 eng d | ||
| 020 | _a978-1-77956-408-5 | ||
| 050 |
_aHF 5415.1265 _b.J35 2025 |
||
| 100 |
_aJaiswal, Gulab Chand Ram, _eauthor. |
||
| 245 |
_aMarketing strategies in the digital age / _cGulab Chand Ram Jaiswal and Richa Gupta. |
||
| 260 |
_aCanada : _bSociety Publishing, _c2025. |
||
| 300 |
_axviii, 387 pages : _bcolored illustrations ; _c24 cm. |
||
| 504 | _aIncludes bibliographical references and index. | ||
| 650 | _aInternet marketing. | ||
| 650 |
_aMarketing _xManagement. |
||
| 650 |
_aStrategic planning _xMarketing. |
||
| 650 |
_aDigital media _xEconomic aspects. |
||
| 700 |
_aGupta, Richa, _eauthor. |
||
| 942 |
_2lcc _cBK |
||
| 999 |
_c368121 _d368121 |
||